Biblioteca

Confronting injustice in Latin America : (Registro nro. 68811)

Detalles MARC
000 -LÍDER
Campo fijo de descripción fija 01570nab a2200217 i 4500
001 - NÚMERO DE CONTROL
Campo de control 768714001
003 - IDENTIFICADOR DEL NÚMERO DE CONTROL
Campo de control CO-MdFUSB
005 - FECHA Y HORA DE LA ULTIMA TRANSACCIÓN
control field 20240313145013.0
008 - ELEMENTOS DE LONGITUD FIJA -- INFORMACIÓN GENERAL
Campo fijo de descripción fija -- Información general 230428s2017 cl ||||| |||| 00| 0 eng d
022 ## - NÚMERO INTERNACIONAL NORMALIZADO PARA PUBLICACIONES SERIADAS
Número Internacional Normalizado para Publicaciones Seriadas 1669-8949
040 ## - FUENTE DE CATALOGACIÓN
Idioma de catalogación eng
Agencia Catalogadora CO-MdFUSB
Agencia que realiza la transcripción CO-MdFUSB
Agencia que realiza la modificación CO-MdFUSB
041 ## - CÓDIGO DE IDIOMA
Código de idioma para texto/pista de sonido o título separado eng
100 ## - ASIENTO PRINCIPAL--NOMBRE PERSONAL
Nombre personal Balmaceda, Vilma,
Término relacionador autor
245 1# - TÍTULO
Título Confronting injustice in Latin America :
Subtitulo faith, commitment to justice and perceptions of the role of the local church
Mención de responsabilidad / Vilma "Nina" Balmaceda
300 ## - DESCRIPCIÓN FÍSICA
Extensión Volumen 12, número 2 (2017), páginas: 103 -122
Dimensiones ; 23 cm
520 ## - NOTA DE RESUMEN, ETC.
Nota de sumario, etc. El objetivo de este artículo es exponer la necesidad ampliar la comprensión del papel de la iglesia como agente de transformación en sus respectivas comunidades, yendo más allá de la transformación individual entendida como un asunto puramente espiritual, y alcanzar un compromiso colectivo activo para defender la justicia la paz y los derechos de los marginados, de manera integral. Organizado en cinco secciones, este artículo presenta primero el marco conceptual que ha guiado la investigación; luego explica la metodología utilizada y las características demográficas de los participantes, Finalmente, identifica los principales hallazgos y las conclusiones que se pueden extraer de tales hallazgos.
546 ## - NOTA DE IDIOMA
Nota de idioma Texto en inglés
650 #7 - ASIENTO SECUNDARIO DE MATERIA - TERMINO TEMÁTICO
9 (RLIN) 405
Término temático o nombre geográfico como elemento de entrada Sociología cristiana
773 0# - ASIENTO DE ITEM FUENTE
Biblionumber 49416
Itemnumber 81935
Lugar, editorial y fecha de publicación Santiago de Chile
Otro identificador del ítem R1736
Título Journal of Latin American Theology :
Número de control del registro (CO-MdFUSB)118
Número Internacional Normalizado para Publicaciones Seriadas (ISSN) 1669-8949
Parte(s) relacionada(s) / Volumen., número. (mes año), páginas Volumen 12, número 2 (2017), páginas: 103 -122
Enumeración y primera página páginas 103
942 ## - TIPO DE MATERIAL (KOHA)
Tipo de Item KOHA Artículos de Revista

No hay ítems disponibles.

Biblioteca FUSBC | Teléfono: (57+4) 349 88 10 Ext. 141| WhatsApp (+57) 3005338115 
E-mail: biblioteca@unisbc.edu.co | Calle 76 87-14 Robledo Palenque, Medellín, Colombia

Con tecnología Koha